100 Biggest Cities of Chile on a Map - Statistics

General Stats
  • This quiz has been taken 206 times
  • The average score is 29 of 100
Answers on the Map
Answers color-coded by a green-red scale on the quiz's map according to % correct below.
 
Answer Stats
Population City % Correct
5,220,161 Santiago
100%
252,888 Valparaíso
87%
352,638 Antofagasta
84%
219,057 Concepción
77%
204,078 Arica
76%
189,065 Iquique
72%
171,136 Puerto Montt
72%
196,178 La Serena
70%
125,932 Punta Arenas
68%
334,248 Viña del Mar
67%
143,563 Los Ángeles
60%
236,377 Temuco
58%
237,295 Talca
57%
158,487 Calama
56%
150,962 Copiapó
53%
150,727 Valdivia
53%
205,760 Coquimbo
51%
231,890 Rancagua
48%
568,094 Puente Alto
43%
147,826 Osorno
41%
86,569 San Antonio
41%
126,092 Curicó
39%
148,440 Talcahuano
39%
164,574 Chillán
38%
58,598 San Fernando
37%
149,596 Quilpué
34%
66,180 Buin
33%
49,968 Coyhaique
33%
26,255 Puerto Varas
33%
291,610 San Bernardo
33%
125,327 Villa Alemana
33%
39,409 Concón
31%
74,139 Linares
31%
60,341 Los Andes
30%
105,884 Alto Hospicio
29%
113,074 Coronel
29%
72,650 Melipilla
28%
77,021 Ovalle
28%
89,037 Colina
27%
74,238 Quillota
27%
64,484 San Felipe
27%
22,824 Santa Cruz
27%
34,044 Castro
26%
47,171 La Calera
26%
43,427 Lota
24%
83,064 Peñaflor
24%
18,354 Pucón
24%
28,265 Ancud
23%
39,169 Limache
22%
131,684 San Pedro de la Paz
22%
46,019 Vallenar
22%
21,052 Illapel
21%
26,884 Quintero
21%
24,631 Tocopilla
21%
32,218 Villarrica
21%
48,911 Angol
20%
20,846 Cartagena
20%
34,097 Constitución
20%
37,677 Lampa
20%
31,718 Paine
20%
19,180 Puerto Natales
20%
90,985 Hualpén
19%
37,932 Rengo
19%
20,967 San Vicente de Tagua Tagua
19%
56,990 Talagante
19%
18,770 Curacaví
18%
42,647 Tomé
18%
24,856 Victoria
18%
27,409 Chillán Viejo
17%
19,393 La Ligua
17%
30,794 Parral
17%
17,814 Quellón
17%
18,002 Casablanca
16%
85,863 Chiguayante
16%
30,174 Curanilahue
16%
24,679 Lautaro
16%
37,318 Molina
16%
55,728 Padre Hurtado
16%
32,661 San Carlos
16%
30,045 El Monte
14%
20,989 Lebu
14%
42,136 Padre Las Casas
14%
17,643 Arauco
13%
19,494 Cañete
13%
28,737 Graneros
13%
48,972 Machalí
13%
33,114 Cauquenes
12%
24,149 Mulchén
12%
19,689 Hualqui
11%
26,662 La Unión
11%
23,031 Nacimiento
11%
46,900 Penco
11%
29,358 San Javier
11%
24,008 Labranza
10%
42,267 Alerce
9%
19,452 La Cruz
9%
20,367 San Clemente
9%
18,881 Nueva Imperial
7%
17,972 Llaillay
4%
39,344 Placilla de Peñuelas
2%
No matching quizzes found
Score Distribution
Percent of People with Each Score
Percentile by Number Answered
Your Score History
You have not taken this quiz